[Event "Titled Tuesday intern op 20th May Late"]
[Site "Chess.com INT"]
[Date "2025.05.20"]
[Round "3"]
[White "Pranesh, Munirethinam"]
[Black "Ilkhomi, Jaloliddin"]
[Result "1-0"]
[WhiteElo "2576"]
[BlackElo "2272"]
[PlyCount "61"]
[EventDate "2025.05.20"]
[EventType "swiss (blitz)"]
[EventRounds "11"]
[EventCountry "USA"]
[SourceTitle "CB22_2025"]
[SourceDate "2025.05.28"]
[SourceVersion "1"]
[SourceVersionDate "2025.05.28"]
[SourceQuality "1"]

1. d4 Nf6 2. Nf3 e6 3. Bg5 Be7 4. Nbd2 b6 5. e4 d5 6. e5 Nfd7 7. Bxe7 Qxe7 8. h4 h6 9. h5 c5 10. c3 Ba6 11. Rh4 Bxf1 12. Kxf1 Nc6 13. Qa4 Ndb8 14. Rg4 0-0 15. Kg1 a6 16. Nf1 b5 17. Qd1 Nd7 18. Qd2 Kh8 19. a3 Rac8 20. Qf4 Rg8 21. Ne3 cxd4 22. cxd4 Na5 23. Rg3 Nc4 24. Ng4 Nf8 25. Nf6 Nh7 26. Nxg8 Rxg8 27. Qc1 Qd7 28. b3 Na5 29. Nd2 Rc8 30. Rc3 Nc6 31. Qc2 1-0

[Event "Titled Tuesday intern op 20th May Late"]
[Site "Chess.com INT"]
[Date "2025.05.20"]
[Round "7"]
[White "Tamer Wahba, Fared"]
[Black "Pranesh, Munirethinam"]
[Result "0-1"]
[WhiteElo "2206"]
[BlackElo "2576"]
[PlyCount "54"]
[EventDate "2025.05.20"]
[EventType "swiss (blitz)"]
[EventRounds "11"]
[EventCountry "USA"]
[SourceTitle "CB22_2025"]
[SourceDate "2025.05.28"]
[SourceVersion "1"]
[SourceVersionDate "2025.05.28"]
[SourceQuality "1"]

1. d4 Nf6 2. Nc3 d5 3. Bf4 a6 4. e3 e6 5. h4 c5 6. g4 Nc6 7. g5 cxd4 8. exd4 Ne4 9. Nxe4 dxe4 10. c3 e5 11. dxe5 Qa5 12. Qe2 Bf5 13. Bg2 Nd4 14. Qd1 0-0-0 15. Bd2 e3 16. cxd4 exd2+ 17. Kf1 Rxd4 18. Nf3 Rd7 19. Qb3 Qb5+ 20. Qxb5 axb5 21. Ke2 Bd3+ 22. Kd1 Kb8 23. a3 Bc5 24. Bh3 Rd5 25. Nxd2 Rhd8 26. Rh2 Bc4 27. f4 Be3 0-1

[Event "Chess.com Classic Play In"]
[Site "Chess.com INT"]
[Date "2025.05.19"]
[Round "4"]
[White "Pranesh, Munirethinam"]
[Black "Aravindh, Chithambaram VR"]
[Result "1/2-1/2"]
[WhiteElo "2576"]
[BlackElo "2749"]
[PlyCount "88"]
[EventDate "2025.05.19"]
[EventType "swiss (blitz)"]
[EventRounds "9"]
[EventCountry "USA"]
[SourceTitle "CB21_2025"]
[SourceDate "2025.05.21"]
[SourceVersion "1"]
[SourceVersionDate "2025.05.21"]
[SourceQuality "1"]

1. e4 e5 2. Nf3 Nc6 3. Nc3 Nf6 4. Bc4 Nxe4 5. Nxe4 d5 6. Bd3 dxe4 7. Bxe4 Bd6 8. 0-0 0-0 9. Re1 Re8 10. c3 h6 11. h3 Be6 12. d3 Qd7 13. Qa4 Rab8 14. b4 Ne7 15. Qxd7 Bxd7 16. Nd2 f5 17. Bf3 Bc6 18. Bxc6 Nxc6 19. a4 Rbd8 20. Nc4 Nb8 21. Ra2 Nd7 22. Rae2 Kf7 23. Na5 Rb8 24. Bd2 Nb6 25. c4 Nxa4 26. c5 Bf8 27. Nc4 e4 28. dxe4 Rxe4 29. Rxe4 fxe4 30. Ra1 b5 31. cxb6 Nxb6 32. Rxa7 Nd5 33. Ne3 Bxb4 34. Nxd5 Bxd2 35. Rxc7+ Ke6 36. Ne3 Bxe3 37. fxe3 Kf6 38. Kf1 Rb2 39. Ra7 Rc2 40. Rb7 Ra2 41. Rc7 Rb2 42. Ra7 Rc2 43. Rb7 Ra2 44. Rc7 Rb2 1/2-1/2

[Event "Chess.com Classic Play In"]
[Site "Chess.com INT"]
[Date "2025.05.19"]
[Round "3"]
[White "Pranesh, Munirethinam"]
[Black "Vidit, Santosh Gujrathi"]
[Result "1-0"]
[WhiteElo "2576"]
[BlackElo "2720"]
[PlyCount "57"]
[EventDate "2025.05.19"]
[EventType "swiss (blitz)"]
[EventRounds "9"]
[EventCountry "USA"]
[SourceTitle "CB21_2025"]
[SourceDate "2025.05.21"]
[SourceVersion "1"]
[SourceVersionDate "2025.05.21"]
[SourceQuality "1"]

1. e4 e5 2. Nf3 Nc6 3. Nc3 Nf6 4. Bc4 Nd4 5. d3 Nxf3+ 6. Qxf3 d6 7. h3 Be7 8. Be3 Be6 9. 0-0-0 Qd7 10. g4 h6 11. Bxe6 Qxe6 12. d4 exd4 13. Bxd4 c6 14. Kb1 a6 15. Rde1 0-0-0 16. e5 dxe5 17. Bxe5 Qc4 18. Qf5+ Rd7 19. Bg3 Bb4 20. Na4 Nd5 21. Re4 Qb5 22. c4 Qxa4 23. cxd5 Qa5 24. Rxb4 Qxb4 25. Qe5 Kd8 26. Re1 Re7 27. Qb8+ Kd7 28. Qc7+ Ke8 29. Qc8# 1-0

[Event "Asia-ch"]
[Site "Al Ain"]
[Date "2025.05.12"]
[Round "6"]
[White "Lobanov, Sergei"]
[Black "Pranesh, Munirethinam"]
[Result "1/2-1/2"]
[WhiteElo "2527"]
[BlackElo "2576"]
[PlyCount "153"]
[EventDate "2025.05.07"]
[EventType "swiss"]
[EventRounds "9"]
[EventCountry "UAE"]
[SourceTitle "CB21_2025"]
[SourceDate "2025.05.21"]
[SourceVersion "1"]
[SourceVersionDate "2025.05.21"]
[SourceQuality "1"]

1. e4 c5 2. Nf3 Nc6 3. Bb5 g6 4. 0-0 Bg7 5. c3 Nf6 6. Re1 d6 7. h3 0-0 8. d4 Qb6 9. a4 cxd4 10. cxd4 a6 11. Bf1 d5 12. e5 Ne4 13. Nc3 Rd8 14. Re2 Be6 15. Be3 Rac8 16. Qe1 Bf5 17. g4 Nxc3 18. bxc3 Bd3 19. Rea2 Bxf1 20. Qxf1 Na5 21. Rb1 Qc6 22. Bd2 Nc4 23. Bf4 Na5 24. Bd2 f6 25. Qe2 Qe6 26. Kg2 fxe5 27. Nxe5 b6 28. Re1 Bxe5 29. Qd3 Qf7 30. Rxe5 Nc4 31. Re1 Re8 32. Bh6 a5 33. Rae2 e6 34. h4 b5 35. axb5 a4 36. f3 a3 37. Rb1 Ra8 38. Ra2 Reb8 39. Rb4 Qe8 40. Rxc4 dxc4 41. Qxc4 Qd7 42. Bc1 Rxb5 43. Rxa3 Rxa3 44. Bxa3 h5 45. Qd3 Kh7 46. gxh5 Rxh5 47. Qe4 Qd5 48. Kg3 Rf5 49. Bc1 Rf8 50. Bd2 Rf7 51. Bf4 Rb7 52. Be5 Qxe4 53. fxe4 Rb3 54. d5 exd5 55. exd5 Kg8 56. Kf4 Kf7 57. Ke4 Ke8 58. Kd4 Rb1 59. Bf4 Rd1+ 60. Ke5 Kd7 61. c4 Re1+ 62. Kd4 Rd1+ 63. Ke4 Re1+ 64. Kd4 Rd1+ 65. Ke4 Re1+ 66. Be3 Rh1 67. Bf2 Rf1 68. Be3 Rh1 69. Bf2 Rf1 70. Bg3 Rc1 71. Kd4 Rd1+ 72. Ke5 Rc1 73. Kd4 Rd1+ 74. Kc5 Rh1 75. Kb5 Rb1+ 76. Kc5 Rh1 77. Kb5 1/2-1/2

[Event "Asia-ch Blitz"]
[Site "Al Ain"]
[Date "2025.05.10"]
[Round "2"]
[White "Pranesh, Munirethinam"]
[Black "Zverev, Lev"]
[Result "1-0"]
[WhiteElo "2576"]
[BlackElo "2471"]
[PlyCount "71"]
[EventDate "2025.05.10"]
[EventType "swiss (blitz)"]
[EventRounds "9"]
[EventCountry "UAE"]
[SourceTitle "CB20_2025"]
[SourceDate "2025.05.14"]
[SourceVersion "1"]
[SourceVersionDate "2025.05.14"]
[SourceQuality "1"]

1. Nf3 Nf6 2. b3 d5 3. Bb2 e6 4. g3 Be7 5. Bg2 0-0 6. 0-0 b6 7. c4 Bb7 8. d4 Nbd7 9. Nc3 h6 10. Rc1 a6 11. Ne5 Rc8 12. cxd5 exd5 13. Qd3 c5 14. Nxd7 Qxd7 15. dxc5 bxc5 16. Na4 d4 17. Nb6 Qc7 18. Nxc8 Rxc8 19. Bxb7 Qxb7 20. e3 dxe3 21. Qxe3 Nh7 22. Rce1 Ng5 23. f3 Bf8 24. Kg2 Qd7 25. Rd1 Qh3+ 26. Kh1 c4 27. bxc4 Rxc4 28. Rf2 Bc5 29. Rd8+ Kh7 30. Qd3+ Ne4 31. fxe4 Bxf2 32. e5+ g6 33. Qxc4 Qf5 34. Qd3 Qe6 35. Qf3 Bc5 36. Qf6 1-0

[Event "Titled Tuesday intern op 06th May Early"]
[Site "Chess.com INT"]
[Date "2025.05.06"]
[Round "3"]
[White "Pranesh, Munirethinam"]
[Black "Kantans, Toms"]
[Result "1-0"]
[WhiteElo "2576"]
[BlackElo "2517"]
[PlyCount "133"]
[EventDate "2025.05.06"]
[EventType "swiss (blitz)"]
[EventRounds "11"]
[EventCountry "USA"]
[SourceTitle "CB20_2025"]
[SourceDate "2025.05.14"]
[SourceVersion "1"]
[SourceVersionDate "2025.05.14"]
[SourceQuality "1"]

1. Nf3 c5 2. g3 Nc6 3. Bg2 g6 4. 0-0 Bg7 5. e4 Nf6 6. Re1 0-0 7. c4 d6 8. Nc3 Bg4 9. h3 Bxf3 10. Bxf3 a6 11. d3 Rb8 12. a4 Nd4 13. Bg2 Nd7 14. Be3 b5 15. cxb5 axb5 16. Bxd4 Bxd4 17. Nxb5 Bxb2 18. Ra2 Bg7 19. f4 Qa5 20. Ree2 Rfc8 21. Kh2 Nb6 22. h4 c4 23. dxc4 Rxc4 24. e5 dxe5 25. fxe5 Rxa4 26. Rxa4 Nxa4 27. Nd4 Rd8 28. Qg1 Qc5 29. Nc6 Qxg1+ 30. Kxg1 Rd1+ 31. Kh2 e6 32. Ra2 Nb6 33. Ra6 Rb1 34. Ra7 Nc4 35. Ra8+ Bf8 36. Rc8 Kg7 37. Rc7 Bc5 38. Kh3 Bf2 39. Bf3 Rb3 40. Kg2 Rb2 41. Kh3 Bb6 42. Rb7 Nd2 43. Bg2 Bd4 44. Rd7 Bc3 45. Nd8 Bxe5 46. Nxf7 Kf6 47. Ng5 Bc3 48. Nxh7+ Ke5 49. Ng5 Nc4 50. Rd3 Bb4 51. Be4 Nd6 52. Bxg6 Nf5 53. Bf7 Nd4 54. Bxe6 Nxe6 55. Re3+ Kf5 56. Nxe6 Bd2 57. Re2 Bc3 58. Rxb2 Bxb2 59. Nf4 Be5 60. Ne2 Ke4 61. Kg4 Ke3 62. Ng1 Kf2 63. Nh3+ Ke3 64. h5 Ke4 65. Ng5+ Ke3 66. h6 Kf2 67. h7 1-0

[Event "Titled Tuesday intern op 06th May Early"]
[Site "Chess.com INT"]
[Date "2025.05.06"]
[Round "4"]
[White "Sitbon, Itay"]
[Black "Pranesh, Munirethinam"]
[Result "0-1"]
[WhiteElo "2192"]
[BlackElo "2576"]
[PlyCount "120"]
[EventDate "2025.05.06"]
[EventType "swiss (blitz)"]
[EventRounds "11"]
[EventCountry "USA"]
[SourceTitle "CB20_2025"]
[SourceDate "2025.05.14"]
[SourceVersion "1"]
[SourceVersionDate "2025.05.14"]
[SourceQuality "1"]

1. e4 g6 2. d4 Bg7 3. Nf3 d6 4. Bc4 c6 5. Bb3 a5 6. a4 Nf6 7. Qe2 0-0 8. e5 Nd5 9. h3 b6 10. 0-0 Ba6 11. Bc4 Qc8 12. Re1 dxe5 13. dxe5 Bxc4 14. Qxc4 e6 15. Qh4 Nd7 16. Nbd2 Qd8 17. Qg3 Nb4 18. Ne4 Nxc2 19. Bg5 Qc7 20. Qh4 Nxa1 21. Nf6+ Nxf6 22. exf6 Bh8 23. Bf4 Qd8 24. Be5 Nc2 25. Qh6 Qxf6 26. Bxf6 Bxf6 27. Rc1 Nb4 28. Rc4 Rfd8 29. Ng5 Bxg5 30. Qxg5 Rd1+ 31. Kh2 Rad8 32. Rh4 h5 33. Rf4 R8d7 34. g4 hxg4 35. h4 R1d5 36. Qxg4 Nd3 37. Rc4 Ne5 38. Qe4 Nxc4 39. Qxc4 c5 40. Qf4 Kg7 41. Qb8 R7d6 42. Kg3 Rd3+ 43. f3 Rd2 44. b3 R2d3 45. Qc7 e5 46. Qe7 Re6 47. Qg5 e4 48. h5 Rxf3+ 49. Kg2 Rf5 50. h6+ Kh7 51. Qe3 Rf3 52. Qg5 Rff6 53. Qe3 g5 54. Qh3 e3 55. Qh1 e2 56. Qb1+ Kxh6 57. Qh1+ Kg7 58. Qe1 Rf1 59. Qg3 e1Q 60. Qxg5+ Rg6 0-1

[Event "Titled Tuesday intern op 01st Apr Early"]
[Site "Chess.com INT"]
[Date "2025.04.01"]
[Round "2"]
[White "Cunha, Lucas Aguiar"]
[Black "Pranesh, Munirethinam"]
[Result "1/2-1/2"]
[WhiteElo "2231"]
[BlackElo "2584"]
[PlyCount "174"]
[EventDate "2025.04.01"]
[EventType "swiss (blitz)"]
[EventRounds "11"]
[EventCountry "USA"]
[SourceTitle "CB15_2025"]
[SourceDate "2025.04.09"]
[SourceVersion "1"]
[SourceVersionDate "2025.04.09"]
[SourceQuality "1"]

1. e4 Nc6 2. Nf3 d6 3. d4 Nf6 4. d5 Ne5 5. Nxe5 dxe5 6. Nc3 e6 7. Bb5+ Bd7 8. dxe6 fxe6 9. Bxd7+ Qxd7 10. Qxd7+ Kxd7 11. f3 Kc6 12. Ke2 Bc5 13. Na4 Bd6 14. b3 h5 15. h4 Rag8 16. Nb2 Nh7 17. Nd3 g5 18. hxg5 Nxg5 19. Bxg5 Rxg5 20. Rh2 Rhg8 21. Kf2 Be7 22. Rah1 Kd6 23. Kf1 h4 24. Nf2 Kc6 25. Ng4 Rh5 26. Ke2 Rgh8 27. g3 Rd8 28. gxh4 Bc5 29. Rg2 Bb4 30. Rd1 Rxd1 31. Kxd1 Rxh4 32. Nxe5+ Kb6 33. Nd3 Bd6 34. Rg6 Rh1+ 35. Kd2 Rh2+ 36. Kc3 e5 37. Nxe5 Rf2 38. Nc4+ Kc5 39. Nxd6 Rxf3+ 40. Kb2 cxd6 41. Rg5+ Kc6 42. Rd5 Re3 43. Rd4 b5 44. a3 Kc5 45. Rd5+ Kc6 46. Rd4 a6 47. a4 Kc5 48. Rd5+ Kc6 49. Rd4 Rh3 50. axb5+ axb5 51. b4 Re3 52. c3 Rh3 53. Kc2 Rg3 54. Rd3 Rg2+ 55. Kb3 Re2 56. Rd4 Rf2 57. Ka3 Rg2 58. Kb3 Re2 59. Ka3 Re1 60. Kb3 Ra1 61. Kb2 Rh1 62. Kc2 Rh3 63. Kd2 Rg3 64. Kc2 Rf3 65. Kd2 Rg3 66. Kc2 Rh3 67. Kd2 Rh4 68. Kc2 Rh6 69. Kd2 Rh8 70. Kc2 Ra8 71. Kd3 Ra2 72. Ke3 Rb2 73. Kd3 Rh2 74. Rd5 Rh3+ 75. Kd4 Rh1 76. c4 bxc4 77. Kxc4 Rc1+ 78. Kb3 Rb1+ 79. Kc4 Rc1+ 80. Kb3 Re1 81. b5+ Kb6 82. Rxd6+ Kxb5 83. Rd5+ Kc6 84. Rd4 Kc5 85. Rd5+ Kc6 86. Rd4 Kc5 87. Rd5+ Kc6 1/2-1/2

[Event "Titled Tuesday intern op 25th Mar Early"]
[Site "Chess.com INT"]
[Date "2025.03.25"]
[Round "1"]
[White "Pranesh, Munirethinam"]
[Black "Bournel, Antoine"]
[Result "1-0"]
[WhiteElo "2584"]
[BlackElo "2423"]
[PlyCount "55"]
[EventDate "2025.03.25"]
[EventType "swiss (blitz)"]
[EventRounds "11"]
[EventCountry "USA"]
[SourceTitle "CB14_2025"]
[SourceDate "2024.11.01"]
[SourceVersion "1"]
[SourceVersionDate "2024.11.01"]
[SourceQuality "1"]

1. Nf3 b6 2. g3 Bb7 3. Bg2 e6 4. 0-0 Nf6 5. d4 Be7 6. Nc3 0-0 7. Bf4 Ne4 8. Qd3 Nxc3 9. Qxc3 c5 10. Rad1 cxd4 11. Nxd4 Bxg2 12. Kxg2 Qc8 13. Qf3 Nc6 14. Nxc6 dxc6 15. Bd6 Bxd6 16. Rxd6 Qa6 17. a3 Qb5 18. Qc3 c5 19. e3 h6 20. Rfd1 Rac8 21. b3 c4 22. b4 a5 23. R1d4 axb4 24. axb4 Rc6 25. Rd7 Rcc8 26. Rg4 g6 27. Rxg6+ fxg6 28. Qg7# 1-0